| 000 | 00393nam a22001577a 4500 | ||
|---|---|---|---|
| 008 | 250317b |||||||| |||| 00| 0 eng d | ||
| 020 | _a9780702068966 | ||
| 050 |
_aRC582 _b.C55 |
||
| 100 | _aRich Robert R | ||
| 245 | _aClinical immunology principles and practice | ||
| 250 | _a5th | ||
| 260 |
_aU.S _bElsevier _c2023 |
||
| 300 | _aXVIII,1373P | ||
| 650 | _aClinical Immunology | ||
| 942 | _cBK | ||
| 999 |
_c2396 _d2396 |
||